[Event "National Capital op"]
[Site "Ottawa CAN"]
[Date "2012.10.20"]
[Round "3"]
[White "Smilovici, Emil"]
[Black "Hamilton, Robert"]
[Result "1-0"]
[WhiteElo "1937"]
[BlackElo "2390"]
[PlyCount "125"]
[GameId "2160767909411738"]
[EventDate "2012.10.19"]
[EventType "swiss"]
[EventRounds "5"]
[EventCountry "CAN"]
[SourceTitle "EXT 2022"]
[Source "ChessBase"]
[SourceDate "2021.10.06"]
[SourceVersion "1"]
[SourceVersionDate "2021.10.06"]
[SourceQuality "1"]

1. e4 c5 2. Nf3 e6 3. d4 cxd4 4. Nxd4 a6 5. Nc3 b5 6. a3 Bb7 7. Bd3 Bc5 8. Nb3 Be7 9. Qg4 g6 10. e5 Nc6 11. Qe2 d6 12. exd6 Qxd6 13. Ne4 Qc7 14. Be3 Nf6 15. Nec5 Nd5 16. Nxb7 Nxe3 17. Qxe3 Qxb7 18. Be4 Qc7 19. Qc3 Kd7 20. O-O-O+ Bd6 21. Rd3 b4 22. axb4 Ke7 23. Qxc6 Qxc6 24. Bxc6 Rac8 25. Ba4 Bxb4 26. Rhd1 Kf6 27. Rf3+ Kg7 28. Rd7 Rhf8 29. c3 Bc5 30. Nxc5 Rxc5 31. Ra7 a5 32. Kc2 g5 33. Bb3 Re5 34. Re3 Rf5 35. f3 Kf6 36. Re4 Rb8 37. Bc4 h5 38. h3 Rc5 39. h4 Rf5 40. b3 Rg8 41. hxg5+ Rgxg5 42. Bf1 Rg8 43. Rb7 Rg7 44. c4 Rg8 45. Rb5 Rc8 46. Rxf5+ Kxf5 47. Rh4 Kg5 48. Rd4 f5 49. Bd3 h4 50. Kb2 e5 51. Rd5 Kf4 52. Rxa5 e4 53. fxe4 fxe4 54. Bxe4 Kxe4 55. Rh5 Rg8 56. Rxh4+ Ke5 57. g4 Kd4 58. g5+ Kc5 59. Rg4 Kb4 60. g6 Rg7 61. Rg3 Ka5 62. Kc3 Rxg6 63. b4+ 1-0

[Event "National Capital op"]
[Site "Ottawa CAN"]
[Date "2012.10.20"]
[Round "3"]
[White "Zhao, Yue Tong (Davy)"]
[Black "Qin, Zi Yi (Joey)"]
[Result "0-1"]
[WhiteElo "1846"]
[BlackElo "2453"]
[PlyCount "88"]
[GameId "2160767909411739"]
[EventDate "2012.10.19"]
[EventType "swiss"]
[EventRounds "5"]
[EventCountry "CAN"]

1. e4 c5 2. Nf3 d6 3. d4 cxd4 4. Nxd4 Nf6 5. Nc3 a6 6. a4 e6 7. Be2 Be7 8. Be3 Qc7 9. O-O O-O 10. f4 Bd7 11. Qe1 Nc6 12. Nb3 Nb4 13. Rc1 d5 14. exd5 Nfxd5 15. Bd4 Nxf4 16. Bd1 Ng6 17. Ne4 Nc6 18. Qc3 Bb4 19. Qc4 Nge5 20. Bxe5 Qxe5 21. c3 Be7 22. Bf3 Rac8 23. Qd3 Qc7 24. Be2 Qb6+ 25. Nd4 e5 26. Qg3 exd4 27. Bd3 dxc3+ 28. Kh1 Qc7 29. Qe3 cxb2 30. Rc5 f5 31. Ng5 Bxg5 32. Qxg5 Qd6 33. Qe3 Rce8 34. Bc4+ Kh8 35. Qa3 Re5 36. Qxb2 Qxc5 37. Bb3 Nd4 38. Rd1 Qb4 39. Qb1 Nxb3 40. h3 Bc6 41. Kh2 Qf4+ 42. Kg1 Re2 43. Qxb3 Qf2+ 44. Kh1 Qxg2# 0-1

[Event "National Capital op"]
[Site "Ottawa CAN"]
[Date "2012.10.21"]
[Round "4"]
[White "Forget, David"]
[Black "Kalra, Agastya"]
[Result "1/2-1/2"]
[WhiteElo "2041"]
[BlackElo "1969"]
[PlyCount "66"]
[GameId "2160767909411740"]
[EventDate "2012.10.19"]
[EventType "swiss"]
[EventRounds "5"]
[EventCountry "CAN"]
[SourceTitle "EXT 2022"]
[Source "ChessBase"]
[SourceDate "2021.10.06"]
[SourceVersion "1"]
[SourceVersionDate "2021.10.06"]
[SourceQuality "1"]

1. d4 Nf6 2. c4 c5 3. d5 b5 4. cxb5 a6 5. bxa6 Bxa6 6. Nc3 g6 7. e4 Bxf1 8. Kxf1 d6 9. g3 Bg7 10. Kg2 O-O 11. Nf3 Nbd7 12. a4 Qa5 13. Bd2 Rfb8 14. Qc2 Qb4 15. Rhb1 Qb3 16. Qxb3 Rxb3 17. Bg5 h6 18. Bxf6 Bxf6 19. Nd2 Rb4 20. Kf1 Ra5 21. Ke2 Nb6 22. Kd3 Nxa4 23. Nxa4 Rbxa4 24. Rxa4 Rxa4 25. f3 Rd4+ 26. Kc2 Bg5 27. Rd1 f5 28. exf5 gxf5 29. Nf1 Rc4+ 30. Kd3 Rb4 31. Kc2 c4 32. f4 Bf6 33. Rb1 Bd4 1/2-1/2

[Event "National Capital op"]
[Site "Ottawa CAN"]
[Date "2012.10.21"]
[Round "4"]
[White "Pacey, Kevin"]
[Black "Sadeghi, Saeid"]
[Result "1/2-1/2"]
[WhiteElo "2234"]
[BlackElo "2002"]
[PlyCount "103"]
[GameId "2160767909411741"]
[EventDate "2012.10.19"]
[EventType "swiss"]
[EventRounds "5"]
[EventCountry "CAN"]
[SourceTitle "EXT 2022"]
[Source "ChessBase"]
[SourceDate "2021.10.06"]
[SourceVersion "1"]
[SourceVersionDate "2021.10.06"]
[SourceQuality "1"]

1. c3 d5 2. f4 Nc6 3. Nf3 Bg4 4. d4 Bxf3 5. exf3 e6 6. Bb5 Nge7 7. Qe2 g6 8. Be3 a6 9. Ba4 Bg7 10. Bf2 Qd6 11. g3 h5 12. h4 O-O-O 13. Nd2 f6 14. O-O-O Nf5 15. Nb3 Nb8 16. Nc5 e5 17. dxe5 fxe5 18. fxe5 Qxe5 19. Qxe5 Bxe5 20. f4 Bf6 21. Ne6 Rd6 22. Rhe1 Nd7 23. Bc2 c6 24. Bxf5 gxf5 25. Ng5 Bxg5 26. hxg5 Kd8 27. Rh1 Re6 28. g4 fxg4 29. f5 Re2 30. Bd4 Rg8 31. Rxh5 c5 32. Bg1 Re5 33. Rf1 g3 34. g6 Nf6 35. Rg5 Ne4 36. Rg4 Ke7 37. f6+ Nxf6 38. Bxc5+ Ke6 39. Rb4 b5 40. Rbf4 Ne4 41. Bd4 Rg5 42. g7 g2 43. Rg1 R8xg7 44. Bxg7 Rxg7 45. Rh4 Nf2 46. Kd2 Ne4+ 47. Kc2 Nf2 48. Rh2 Ng4 49. Rh3 Ne5 50. Rh2 Ng4 51. Re1+ Kf6 52. Rxg2 1/2-1/2

[Event "National Capital op"]
[Site "Ottawa CAN"]
[Date "2012.10.21"]
[Round "4"]
[White "Qin, Zi Yi (Joey)"]
[Black "Plotkin, Victor"]
[Result "1/2-1/2"]
[WhiteElo "2453"]
[BlackElo "2335"]
[PlyCount "65"]
[GameId "2160767909411742"]
[EventDate "2012.10.19"]
[EventType "swiss"]
[EventRounds "5"]
[EventCountry "CAN"]

1. e4 e5 2. Bc4 Nf6 3. d3 Nc6 4. Nf3 Bc5 5. c3 d6 6. Bb3 O-O 7. Bg5 Be6 8. Nbd2 Qe7 9. Bc2 h6 10. Bh4 g5 11. Nxg5 hxg5 12. Bxg5 Kg7 13. Qf3 Rg8 14. Nf1 Bg4 15. Bxf6+ Qxf6 16. Qxg4+ Kf8 17. Qe2 Rxg2 18. Ne3 Bxe3 19. Qxe3 Ke7 20. Ke2 Rag8 21. Qf3 Qxf3+ 22. Kxf3 Kf6 23. h4 Ne7 24. h5 R2g5 25. Rh3 Kg7 26. d4 Kh6 27. dxe5 Rxe5 28. Rah1 Rgg5 29. Rg3 Rxg3+ 30. Kxg3 Rxh5 31. Rxh5+ Kxh5 32. f4 Kh6 33. Kf3 1/2-1/2

[Event "National Capital op"]
[Site "Ottawa CAN"]
[Date "2012.10.21"]
[Round "4"]
[White "Zhao, Yue Tong (Davy)"]
[Black "Gelblum, Robert"]
[Result "1/2-1/2"]
[WhiteElo "1846"]
[BlackElo "2233"]
[PlyCount "167"]
[GameId "2160767909411743"]
[EventDate "2012.10.19"]
[EventType "swiss"]
[EventRounds "5"]
[EventCountry "CAN"]

1. e4 e5 2. f4 d5 3. exd5 exf4 4. Nf3 Nf6 5. Bc4 Bd6 6. O-O O-O 7. Nc3 Nbd7 8. d4 Nb6 9. Bb3 a5 10. a4 Bg4 11. Qd3 Bxf3 12. Qxf3 Bb4 13. Bxf4 Bxc3 14. bxc3 Nfxd5 15. c4 Nxf4 16. Qxf4 c5 17. Rad1 cxd4 18. Rxd4 Nd7 19. Kh1 Qe7 20. Qc7 Qe2 21. Rdf4 Rad8 22. Qxb7 Nc5 23. Qf3 Qxf3 24. R4xf3 Rb8 25. g3 f6 26. Rd1 Rb4 27. Rd5 Rc8 28. Kg2 Kf8 29. Kf2 Ke7 30. Re3+ Kf7 31. Ke2 Kf8 32. Kf3 Kf7 33. Kf4 Kg6 34. g4 Rc7 35. h4 Rc8 36. g5 Rc6 37. Rh3 Kf7 38. Kf5 g6+ 39. Kf4 Ne6+ 40. Kg4 f5+ 41. Kg3 Nc5 42. Kf4 Ne6+ 43. Ke5 Nc5 44. Rd6 Rc7 45. Kd5 Nxa4 46. Ra6 Nc5 47. Rxa5 Ne4 48. Rb5 Rxb5+ 49. cxb5 Ke7 50. c4 Rc5+ 51. Kd4 Kd6 52. Rd3 Rc7 53. Rd1 Nc5 54. Bc2 Ne6+ 55. Kc3+ Ke5 56. Re1+ Kd6 57. Kb4 Nd4 58. Rd1 Ke5 59. Ba4 f4 60. b6 Rf7 61. Kc5 Ne6+ 62. Kc6 f3 63. Bb5 Nd4+ 64. Rxd4 Kxd4 65. b7 Rf8 66. c5 f2 67. Bf1 Rb8 68. Kc7 Rxb7+ 69. Kxb7 Kxc5 70. Kc7 Kd5 71. Kd7 Ke5 72. Ke7 Kf5 73. Kf7 Kg4 74. Kg7 Kxh4 75. Kh6 Kg4 76. Ba6 Kf4 77. Be2 Kf5 78. Bb5 Kg4 79. Bd7+ Kh4 80. Bb5 Kg4 81. Ba6 Kf4 82. Bc4 Kf5 83. Be2 Kf4 84. Bf1 1/2-1/2

[Event "National Capital op"]
[Site "Ottawa CAN"]
[Date "2012.10.21"]
[Round "5"]
[White "Gelblum, Robert"]
[Black "Martin, Spencer"]
[Result "1-0"]
[WhiteElo "2233"]
[BlackElo "1926"]
[PlyCount "67"]
[GameId "2160767909411744"]
[EventDate "2012.10.19"]
[EventType "swiss"]
[EventRounds "5"]
[EventCountry "CAN"]
[SourceTitle "EXT 2022"]
[Source "ChessBase"]
[SourceDate "2021.10.06"]
[SourceVersion "1"]
[SourceVersionDate "2021.10.06"]
[SourceQuality "1"]

1. Nf3 Nf6 2. g3 g6 3. Bg2 Bg7 4. O-O O-O 5. c4 c6 6. d4 d6 7. Nc3 Nbd7 8. e4 e5 9. h3 Re8 10. Re1 h6 11. Rb1 a5 12. a3 Qc7 13. Be3 Nf8 14. Qd2 Kh7 15. b4 axb4 16. axb4 Bd7 17. d5 Nh5 18. Red1 f5 19. dxc6 bxc6 20. Qxd6 Qxd6 21. Rxd6 f4 22. gxf4 Ra3 23. Ne2 exf4 24. Nxf4 Nxf4 25. Bxf4 Bxh3 26. Rxc6 Bxg2 27. Kxg2 Rxe4 28. Bg3 Ra4 29. b5 Rexc4 30. Rxc4 Rxc4 31. b6 Nd7 32. b7 Rg4 33. Rd1 Nb8 34. Rd8 1-0

[Event "National Capital op"]
[Site "Ottawa CAN"]
[Date "2012.10.21"]
[Round "5"]
[White "Kalra, Agastya"]
[Black "Qin, Zi Yi (Joey)"]
[Result "0-1"]
[WhiteElo "1969"]
[BlackElo "2453"]
[PlyCount "84"]
[GameId "2160767909411745"]
[EventDate "2012.10.19"]
[EventType "swiss"]
[EventRounds "5"]
[EventCountry "CAN"]

1. e4 c5 2. Nf3 Nc6 3. d4 cxd4 4. Nxd4 e5 5. Nb5 d6 6. N1c3 a6 7. Na3 b5 8. Nd5 Nge7 9. Bg5 Be6 10. c4 b4 11. Nc2 a5 12. Be2 h6 13. Be3 Nc8 14. O-O Be7 15. b3 O-O 16. a3 bxa3 17. Nxa3 Bg5 18. Nb5 Bxe3 19. Nxe3 Qb6 20. Bg4 Nd4 21. Nxd4 exd4 22. Nd5 Bxd5 23. exd5 Ne7 24. Qd3 Ng6 25. Rfd1 Rfb8 26. Qxd4 Qxd4 27. Rxd4 Rxb3 28. g3 Ne5 29. Be2 Rb2 30. Kf1 Nd7 31. Rd3 Nc5 32. Rda3 a4 33. Bd1 Rb4 34. Rc3 Re8 35. Rca3 Ra8 36. Rc3 g5 37. f3 Kg7 38. Kf2 Kf6 39. Bc2 Rb2 40. Ke1 Ke5 41. Rb1 a3 42. Kd2 Rxb1 0-1

[Event "National Capital op"]
[Site "Ottawa CAN"]
[Date "2012.10.21"]
[Round "5"]
[White "Plotkin, Mark"]
[Black "Pacey, Kevin"]
[Result "1-0"]
[WhiteElo "2092"]
[BlackElo "2234"]
[PlyCount "111"]
[GameId "2160767909411746"]
[EventDate "2012.10.19"]
[EventType "swiss"]
[EventRounds "5"]
[EventCountry "CAN"]
[SourceTitle "EXT 2022"]
[Source "ChessBase"]
[SourceDate "2021.10.06"]
[SourceVersion "1"]
[SourceVersionDate "2021.10.06"]
[SourceQuality "1"]

1. e4 c5 2. Nf3 e6 3. c3 d5 4. exd5 exd5 5. d4 Bd6 6. Bd3 c4 7. Bc2 Ne7 8. b3 cxb3 9. axb3 Bg4 10. Nbd2 Nbc6 11. O-O h6 12. Re1 O-O 13. Nf1 Bf5 14. Bxf5 Nxf5 15. Ne3 Nxe3 16. fxe3 Re8 17. Bb2 b5 18. Qd3 Qb6 19. e4 dxe4 20. Rxe4 Rxe4 21. Qxe4 Rd8 22. Kh1 a5 23. Nh4 Ne7 24. Rf1 Qc6 25. Qg4 Qd5 26. Qd1 Qe4 27. Nf3 Nf5 28. Qb1 Re8 29. Qxe4 Rxe4 30. Re1 Rxe1+ 31. Nxe1 Kf8 32. g3 Ne3 33. Bc1 Nd1 34. c4 a4 35. bxa4 bxc4 36. Nc2 Ke8 37. Kg2 Nc3 38. a5 Kd7 39. Ba3 Nb5 40. Bxd6 Kxd6 41. Kf3 f5 42. g4 fxg4+ 43. Kxg4 g6 44. Kf4 Kd5 45. Ke3 g5 46. Nb4+ Kd6 47. a6 h5 48. Ke4 g4 49. Kf4 Nxd4 50. a7 Ne6+ 51. Kf5 Nc7 52. Kg5 Ke5 53. Kxh5 g3 54. hxg3 Kd4 55. g4 Kc5 56. Na6+ 1-0

[Event "National Capital op"]
[Site "Ottawa CAN"]
[Date "2012.10.21"]
[Round "5"]
[White "Plotkin, Victor"]
[Black "Forget, David"]
[Result "1-0"]
[WhiteElo "2335"]
[BlackElo "2041"]
[PlyCount "103"]
[GameId "2160767909411747"]
[EventDate "2012.10.19"]
[EventType "swiss"]
[EventRounds "5"]
[EventCountry "CAN"]
[SourceTitle "EXT 2022"]
[Source "ChessBase"]
[SourceDate "2021.10.06"]
[SourceVersion "1"]
[SourceVersionDate "2021.10.06"]
[SourceQuality "1"]

1. e4 e6 2. d4 d5 3. Nc3 Bb4 4. exd5 exd5 5. Bd3 Nf6 6. Nge2 O-O 7. Bg5 Re8 8. O-O c6 9. Re1 Bg4 10. f3 Bh5 11. Ng3 Bg6 12. Rxe8+ Qxe8 13. Qd2 Nbd7 14. Re1 Qf8 15. a3 Ba5 16. Nf5 Re8 17. Rxe8 Qxe8 18. Qe3 Qxe3+ 19. Bxe3 Bxf5 20. Bxf5 g6 21. Bd3 Nf8 22. Ne2 Ne6 23. c3 Bc7 24. g3 Bd6 25. Kg2 Nh5 26. Nc1 f5 27. Bf2 Kf7 28. Kf1 Be7 29. Bc2 Bd8 30. Nd3 Nf6 31. Ne5+ Ke7 32. Bb3 Nd7 33. Nd3 Bb6 34. Be3 Kf6 35. Ke2 Bc7 36. Ba2 Bd6 37. f4 Ke7 38. Ne5 Bxe5 39. dxe5 a6 40. Kf3 Ndc5 41. Bb1 Ne4 42. Bd3 N6c5 43. Bc2 Ke6 44. g4 Ke7 45. gxf5 gxf5 46. Bxc5+ Nxc5 47. Bxf5 Na4 48. Bxh7 Nxb2 49. f5 Nc4 50. Kf4 Nxa3 51. f6+ Kf8 52. e6 1-0

[Event "National Capital op"]
[Site "Ottawa CAN"]
[Date "2012.10.21"]
[Round "5"]
[White "Smilovici, Emil"]
[Black "Zhao, Yue Tong (Davy)"]
[Result "1-0"]
[WhiteElo "1937"]
[BlackElo "1846"]
[PlyCount "157"]
[GameId "2160767909411748"]
[EventDate "2012.10.19"]
[EventType "swiss"]
[EventRounds "5"]
[EventCountry "CAN"]

1. e4 c5 2. Nf3 Nc6 3. d4 cxd4 4. Nxd4 Nf6 5. Nc3 e5 6. Ndb5 d6 7. Bd3 a6 8. Na3 b5 9. Nd5 Nxd5 10. exd5 Ne7 11. c4 bxc4 12. Bxc4 g6 13. Bg5 Bg7 14. O-O h6 15. Be3 f5 16. f4 e4 17. Bd4 O-O 18. Bxg7 Kxg7 19. Qd4+ Kh7 20. Nc2 Ng8 21. Ne3 Nf6 22. Rac1 Bb7 23. Rc2 Nd7 24. b4 Qb6 25. Qxb6 Nxb6 26. Bb3 Rfc8 27. Rfc1 Rxc2 28. Rxc2 Rc8 29. Rxc8 Bxc8 30. a4 Bb7 31. Kf2 Kg7 32. b5 axb5 33. axb5 Bc8 34. Nc4 Nxc4 35. Bxc4 Kf7 36. b6 Ke7 37. Bb5 Bb7 38. Bc6 Bxc6 39. dxc6 Kd8 40. Ke3 Kc8 41. Kd4 Kb8 42. g3 h5 43. h4 Kc8 44. Kd5 e3 45. Kxd6 e2 46. b7+ Kb8 47. Kd7 e1=Q 48. c7+ Kxb7 49. c8=Q+ Ka7 50. Qc5+ Kb8 51. Qe5+ Qxe5 52. fxe5 Kb7 53. e6 Kb6 54. e7 Kc5 55. e8=R Kd5 56. Re1 Kc4 57. Ke7 Kd3 58. Kf6 Kd2 59. Re8 Kc2 60. Rd8 Kc3 61. Kxg6 Kc4 62. Kxh5 Kc3 63. Kg6 Kc4 64. Kxf5 Kc5 65. h5 Kc4 66. h6 Kc5 67. h7 Kc4 68. h8=R Kc5 69. g4 Kc4 70. g5 Kc5 71. g6 Kc4 72. g7 Kc5 73. g8=R Kc4 74. Rh6 Kc5 75. Rg7 Kc4 76. Rc6+ Kb5 77. Rgc7 Kb4 78. Rb7+ Ka5 79. Ra8# 1-0

[Event "National Capital op U1600"]
[Site "Ottawa CAN"]
[Date "2012.10.20"]
[Round "2"]
[White "Duggal, Miles"]
[Black "Carroll, Billy"]
[Result "0-1"]
[WhiteElo "1353"]
[BlackElo "1220"]
[PlyCount "54"]
[GameId "2160767909411749"]
[EventDate "2012.10.19"]
[EventType "swiss"]
[EventRounds "5"]
[EventCountry "CAN"]

1. e4 e5 2. Nf3 d6 3. d4 Nd7 4. d5 Nc5 5. Nc3 Nf6 6. Bg5 Be7 7. Bxf6 Bxf6 8. h3 a6 9. Bc4 b5 10. Bb3 b4 11. Na4 Nxe4 12. Qd3 Bf5 13. Qc4 a5 14. Qc6+ Bd7 15. Qc4 Ng5 16. Nxg5 Bxg5 17. O-O Bf4 18. Rfe1 O-O 19. g3 Qg5 20. h4 Qg6 21. Kh2 Bh6 22. Qxc7 Qf5 23. Kg2 Qh3+ 24. Kg1 Bg4 25. Re3 Bxe3 26. fxe3 Bf3 27. Bc4 Qg2# 0-1

[Event "National Capital op U1600"]
[Site "Ottawa CAN"]
[Date "2012.10.21"]
[Round "5"]
[White "Rapaka, Srikanth"]
[Black "Duggal, Miles"]
[Result "0-1"]
[WhiteElo "1530"]
[BlackElo "1353"]
[PlyCount "68"]
[GameId "2160767909411750"]
[EventDate "2012.10.19"]
[EventType "swiss"]
[EventRounds "5"]
[EventCountry "CAN"]

1. d4 Nf6 2. e3 e6 3. Bd3 c5 4. c3 d5 5. f4 c4 6. Bc2 b5 7. Nf3 Nc6 8. Nbd2 a5 9. O-O Ne4 10. Qe1 f5 11. h3 Nf6 12. b3 Ba6 13. bxc4 b4 14. Ba4 Qc7 15. Ne5 Bb7 16. Rb1 Rb8 17. cxb4 Bxb4 18. a3 Bxd2 19. Bxd2 O-O 20. Nxc6 Bxc6 21. Rxb8 Rxb8 22. Bxa5 Qc8 23. Bxc6 Qxc6 24. c5 Rb3 25. Bb4 Ne4 26. Qh4 Rxe3 27. Qd8+ Kf7 28. Rf3 Re2 29. Qb6 Qa4 30. Qc7+ Kg6 31. Qe5 Qd1+ 32. Rf1 Qc2 33. Qxe6+ Nf6 34. Qxe2 Qxe2 0-1

[Event "National Capital op U1900"]
[Site "Ottawa CAN"]
[Date "2012.10.19"]
[Round "1"]
[White "Dunne, Francesco"]
[Black "Langer, Herb"]
[Result "0-1"]
[WhiteElo "1884"]
[BlackElo "1773"]
[PlyCount "60"]
[GameId "2160767909411751"]
[EventDate "2012.10.19"]
[EventType "swiss"]
[EventRounds "5"]
[EventCountry "CAN"]

1. c4 Nf6 2. Nc3 g6 3. d4 d6 4. Nf3 Bg7 5. Bf4 O-O 6. e3 Nbd7 7. Be2 c5 8. O-O Nh5 9. Bg5 h6 10. Bh4 Nhf6 11. d5 Re8 12. e4 Nh7 13. Nd2 g5 14. Bg3 Ndf8 15. f4 Ng6 16. fxg5 hxg5 17. Bh5 Bd4+ 18. Kh1 Nf6 19. Bxg6 fxg6 20. Qc2 Ng4 21. Nd1 Rf8 22. Rxf8+ Qxf8 23. h3 Qh6 24. Qa4 Nf6 25. Bf2 Bxh3 26. gxh3 Qxh3+ 27. Kg1 Be5 28. Qb3 Qh2+ 29. Kf1 Rf8 30. Qf3 Nh5 0-1

[Event "National Capital op U1900"]
[Site "Ottawa CAN"]
[Date "2012.10.19"]
[Round "1"]
[White "Laurin, Marcel"]
[Black "Yang, Ryan2"]
[Result "0-1"]
[WhiteElo "1727"]
[BlackElo "1866"]
[PlyCount "80"]
[GameId "2160767909411752"]
[EventDate "2012.10.19"]
[EventType "swiss"]
[EventRounds "5"]
[EventCountry "CAN"]

1. d4 Nf6 2. c4 e6 3. a3 c5 4. d5 exd5 5. cxd5 d6 6. Nc3 g6 7. e4 Bg7 8. Be2 O-O 9. Nf3 Bg4 10. h3 Bxf3 11. Bxf3 a6 12. Bg5 Nbd7 13. O-O Qc7 14. Bf4 Rfe8 15. Re1 Ne5 16. Rc1 b5 17. Bxe5 Rxe5 18. Qd2 Rae8 19. g4 Nd7 20. Ne2 R5e7 21. Bg2 Ne5 22. b3 c4 23. Rc2 Nd3 24. Rf1 Qc5 25. b4 Qb6 26. Nc1 Nb2 27. Ne2 Nd3 28. Nc1 Nxc1 29. Qxc1 c3 30. Kh1 Rc7 31. h4 Rc4 32. Bf3 Qd8 33. g5 Qd7 34. Kg2 Rexe4 35. Bxe4 Qg4+ 36. Kh2 Qxh4+ 37. Kg1 Rxe4 38. f4 Bd4+ 39. Kg2 Re3 40. Rh1 Rg3+ 0-1

[Event "National Capital op U1900"]
[Site "Ottawa CAN"]
[Date "2012.10.20"]
[Round "3"]
[White "Bigras, Jean"]
[Black "Dunne, Francesco"]
[Result "1/2-1/2"]
[WhiteElo "1718"]
[BlackElo "1884"]
[PlyCount "70"]
[GameId "2160767909411753"]
[EventDate "2012.10.19"]
[EventType "swiss"]
[EventRounds "5"]
[EventCountry "CAN"]

1. e4 c6 2. d4 d5 3. Nc3 dxe4 4. Nxe4 Bf5 5. Ng3 Bg6 6. h4 h6 7. Nf3 Nd7 8. h5 Bh7 9. Bd3 Bxd3 10. Qxd3 e6 11. Bd2 Ngf6 12. O-O-O Be7 13. Kb1 Qb6 14. Rhe1 O-O 15. Ne4 Nxe4 16. Qxe4 Nf6 17. Qd3 c5 18. Ne5 cxd4 19. g4 Bd6 20. g5 hxg5 21. Bxg5 Bxe5 22. Rxe5 Nd5 23. Rxd5 exd5 24. Rg1 Qe6 25. Qd2 Rae8 26. Bh6 Qxh6 27. Qxh6 Re1+ 28. Rxe1 gxh6 29. Kc1 f6 30. Kd2 Kf7 31. Rg1 Re8 32. Rg6 Re5 33. Rxh6 Kg7 34. Rg6+ Kf7 35. Rh6 Kg7 1/2-1/2

[Event "National Capital op U1900"]
[Site "Ottawa CAN"]
[Date "2012.10.20"]
[Round "3"]
[White "Danilov, Alex"]
[Black "Laurin, Marcel"]
[Result "0-1"]
[WhiteElo "1693"]
[BlackElo "1727"]
[PlyCount "118"]
[GameId "2160767909411754"]
[EventDate "2012.10.19"]
[EventType "swiss"]
[EventRounds "5"]
[EventCountry "CAN"]

1. Nf3 d5 2. d4 Nc6 3. Bf4 Bf5 4. c3 e6 5. e3 Bd6 6. Nbd2 h6 7. Bb5 Nge7 8. Ne5 Bxe5 9. Bxe5 f6 10. Bg3 h5 11. h4 a6 12. Be2 Bg6 13. Nf3 Nf5 14. Bh2 Qd7 15. O-O Nce7 16. c4 c6 17. Qa4 O-O 18. Qa3 Bf7 19. Bf4 g6 20. g3 Kg7 21. b3 Nc8 22. Rac1 Ncd6 23. Qb2 Rg8 24. Nd2 Qe7 25. Bxd6 Qxd6 26. Kg2 Kh7 27. Nf3 Rg7 28. Qc2 Rag8 29. e4 dxe4 30. Qxe4 g5 31. hxg5 Bg6 32. Qf4 Qxf4 33. gxf4 fxg5 34. Nxg5+ Kh6 35. Rcd1 Bh7 36. Kh3 Nd6 37. Nxh7 Kxh7 38. Bd3+ Nf5 39. Bxf5+ exf5 40. d5 Rg4 41. Rd4 c5 42. Rd3 Rxf4 43. Rg3 Rgg4 44. Rxg4 hxg4+ 45. Kg3 Rf3+ 46. Kg2 Rd3 47. Re1 Kg6 48. Re7 f4 49. Rxb7 Rd2 50. Kf1 f3 51. Rb6+ Kf5 52. Re6 Rxa2 53. Re1 Rd2 54. Rb1 Kf4 55. Kg1 g3 56. fxg3+ Kxg3 57. Rf1 Rg2+ 58. Kh1 Rh2+ 59. Kg1 f2+ 0-1

[Event "November Quad-A"]
[Site "Winnipeg CAN"]
[Date "2012.11.04"]
[Round "1"]
[White "Boron, Anthony"]
[Black "Cleto, Sam"]
[Result "1-0"]
[WhiteElo "1989"]
[BlackElo "1856"]
[PlyCount "83"]
[GameId "2160767909411607"]
[EventDate "2012.11.04"]
[EventType "tourn"]
[EventRounds "3"]
[EventCountry "CAN"]
[SourceTitle "EXT 2022"]
[Source "ChessBase"]
[SourceDate "2021.10.06"]
[SourceVersion "1"]
[SourceVersionDate "2021.10.06"]
[SourceQuality "1"]

1. d4 Nf6 2. Bg5 e6 3. e4 Be7 4. e5 Nd5 5. Bd2 c5 6. c4 Nc7 7. Qg4 g6 8. Nf3 cxd4 9. Nxd4 Nc6 10. Nxc6 bxc6 11. h4 h5 12. Qg3 Na6 13. Nc3 Rb8 14. b3 Nb4 15. Rc1 Bb7 16. a3 Na6 17. b4 Nc7 18. Bd3 d5 19. exd6 Bxd6 20. Qe3 a6 21. Ne4 Be7 22. Bc3 Rg8 23. Rd1 Qc8 24. Bf6 Nd5 25. cxd5 cxd5 26. Bxe7 dxe4 27. Bd6 Qc3+ 28. Kf1 exd3 29. Bxb8 Qc2 30. Qxd3 Qc8 31. Qd6 Qc4+ 32. Kg1 Bd5 33. Bc7 f5 34. Rxd5 exd5 35. Qe6+ Kf8 36. Bd6+ Kg7 37. Qe7+ Kh6 38. g3 Rg7 39. Qf8 Kh7 40. Be5 Rg8 41. Qf7+ Kh6 42. Qxg8 1-0

[Event "November Quad-A"]
[Site "Winnipeg CAN"]
[Date "2012.11.04"]
[Round "1"]
[White "Rutter, Blair"]
[Black "Platt, Alex"]
[Result "1/2-1/2"]
[WhiteElo "1822"]
[BlackElo "1820"]
[PlyCount "84"]
[GameId "2160767909411608"]
[EventDate "2012.11.04"]
[EventType "tourn"]
[EventRounds "3"]
[EventCountry "CAN"]
[SourceTitle "EXT 2022"]
[Source "ChessBase"]
[SourceDate "2021.10.06"]
[SourceVersion "1"]
[SourceVersionDate "2021.10.06"]
[SourceQuality "1"]

1. c4 Nf6 2. g3 c5 3. Bg2 Nc6 4. Nc3 g6 5. e4 Bg7 6. Nge2 d6 7. O-O O-O 8. d3 Bd7 9. h3 a6 10. Kh2 Rb8 11. a4 e5 12. Be3 Ne8 13. Nd5 Nc7 14. Nec3 Nxd5 15. Nxd5 Ne7 16. Nc3 h6 17. Qd2 Kh7 18. f4 exf4 19. Bxf4 Be6 20. Rf2 Nc6 21. Raf1 Qd7 22. Be3 Ne5 23. b3 Nc6 24. Ne2 b5 25. axb5 axb5 26. Nf4 bxc4 27. bxc4 Rb2 28. Nxe6 Qxe6 29. Qc1 Rxf2 30. Rxf2 Ne5 31. Qb1 Qd7 32. Bf4 Qc7 33. Qf1 Kg8 34. Qd1 Rb8 35. Bf1 Nc6 36. Kg2 g5 37. Be3 Bd4 38. Bxd4 Nxd4 39. Qh5 Kg7 40. h4 Qe7 41. hxg5 hxg5 42. Qg4 Rh8 1/2-1/2

[Event "November Quad-A"]
[Site "Winnipeg CAN"]
[Date "2012.11.04"]
[Round "2.3"]
[White "Boron, Anthony"]
[Black "Platt, Alex"]
[Result "1-0"]
[WhiteElo "1989"]
[BlackElo "1820"]
[PlyCount "53"]
[GameId "2160767909411609"]
[EventDate "2012.11.04"]
[EventType "tourn"]
[EventRounds "3"]
[EventCountry "CAN"]
[SourceTitle "EXT 2022"]
[Source "ChessBase"]
[SourceDate "2021.10.06"]
[SourceVersion "1"]
[SourceVersionDate "2021.10.06"]
[SourceQuality "1"]

1. e4 c5 2. d4 cxd4 3. c3 Nf6 4. e5 Nd5 5. Qxd4 e6 6. Nf3 Nc6 7. Qe4 d6 8. Bb5 Bd7 9. c4 Nc7 10. Bg5 Qc8 11. Nc3 a6 12. Ba4 Nxe5 13. Nxe5 dxe5 14. Rd1 Bxa4 15. Rd8+ Qxd8 16. Bxd8 Rxd8 17. Qxb7 Bd6 18. Nxa4 O-O 19. c5 Rb8 20. Qc6 Nb5 21. O-O Rfc8 22. Qxa6 Bxc5 23. Nxc5 Rxc5 24. b4 Rcc8 25. a4 Nc3 26. a5 Ne2+ 27. Qxe2 1-0

[Event "November Quad-A"]
[Site "Winnipeg CAN"]
[Date "2012.11.04"]
[Round "2.3"]
[White "Cleto, Sam"]
[Black "Rutter, Blair"]
[Result "0-1"]
[WhiteElo "1856"]
[BlackElo "1822"]
[PlyCount "71"]
[GameId "2160767909411610"]
[EventDate "2012.11.04"]
[EventType "tourn"]
[EventRounds "3"]
[EventCountry "CAN"]
[SourceTitle "EXT 2022"]
[Source "ChessBase"]
[SourceDate "2021.10.06"]
[SourceVersion "1"]
[SourceVersionDate "2021.10.06"]
[SourceQuality "1"]

1. Nf3 d5 2. d4 Nf6 3. h3 h6 4. c4 c6 5. Nc3 Bf5 6. Qb3 Bc8 7. Bf4 e6 8. e3 Bd6 9. Bd3 Bxf4 10. exf4 O-O 11. c5 Nh5 12. g3 Nd7 13. Qd1 Nhf6 14. Ne5 Qc7 15. Qf3 b6 16. b4 bxc5 17. bxc5 Qa5 18. O-O Nxe5 19. fxe5 Nd7 20. Ne2 Ba6 21. Bxa6 Qxa6 22. Nf4 Qc4 23. Rfd1 Rab8 24. Qg4 Kh7 25. Nh5 Rg8 26. Qf3 Rgf8 27. Qg4 g6 28. Nf4 Rb2 29. Rac1 Rc2 30. Rb1 Qa6 31. a3 Re8 32. Rb3 Re7 33. h4 Qc4 34. Qf3 Rc1 35. h5 g5 36. Ng2 0-1